000 00856nam a2200253Ia 4500
003 OSt
005 20220930080937.0
006 a|||||r|||| 00| 0
007 ta
008 220926b |||||||| |||| 00| 0 eng d
024 _a100054
037 _cTheses
040 _aCRL
_cCRL
_beng
041 _2eng
_aeng
100 _aShipra Shahi
_9540260
110 _aUniversity of Delhi. Facaulty of Science. Department of Botany
_9540261
245 0 _aStudies on allegenicity to different plant parts of brassica species in atopic patients in India
650 _aBOTANY
700 _a Dr. A. B. Singh Gu.
700 _a Prof. A. K. Bhatnager Gu.
_9540262
700 _aUniversity of Delhi. Facaulty of Science. Department of Botany
_9540263
942 _cDIS
_2CC
999 _c870694
_d870694